Devinez le pays grâce à trois indices ! - Statistiques

Statistiques générales
  • Ce quiz a été pris 375 fois
  • Le résultat moyen est 20 sur 20
Statistiques - réponses
Indices Pays % Correct
Tour Eiffel - Baguette - Napoléon France
100%
Samouraïs - Sushi - Mont Fuji Japon
100%
Bière - Berlin - Voitures Allemagne
99%
Kangourous - Opéra de Sydney - Grand Barrière de Corail Australie
99%
Samba - Amazonie - Football Brésil
99%
Sirop d’érable - Hockey - Grand Nord Canada
99%
Muraille - Pandas - Mao Zedong Chine
99%
Pyramides - Pharaons - Nil Égypte
99%
Hollywood - Statue de la Liberté - Grand Canyon États-Unis
99%
Pizza - Colisée - Tour de Pise Italie
99%
Vodka - Place Rouge - Sibérie Russie
99%
K-Pop - Samsung - Séoul Corée du Sud
98%
Flamenco - Sagrada Familia - Ibiza Espagne
98%
Taj Mahal - Épices - Bollywood Inde
98%
Tacos - Chichen Itza - Mariachi Mexique
98%
Big Ben - Fish & Chips - Shakespeare Royaume-Uni
98%
Tango - Gauchos - Lionel Messi Argentine
97%
Mythologie - Acropole - Îles Cyclades Grèce
97%
Nelson Mandela - Safaris - Cap de Bonne-Espérance Afrique du Sud
96%
Istanbul - Baklava - Cappadoce Turquie
96%
Aucun quiz correspondant
Distribution des résultats
% des personnes avec chaque résultat
Percentile par nombre de réponses
Votre historique - résultats
Vous n’avez pas pris ce quiz